000 00968nam0a22002651 4500
001 rc\4543244
005 20260407123534.0
021 _aRU
_b68-17597
021 _aRU
_bРг5056-69
035 _a(NLR Aleph) 008361312
090 _a8999962
_c8999962
100 _a20130416d1968 |||y0rusy50 ca
101 0 _arus
102 _aRU
105 _ay z |||||
200 1 _aКомандование авиационных систем ВМС США
_e(Сборник переводов)
_fЦентр. воен.-морская б-ка. Центр. науч.-пер. бюро ВМФ
210 _aЛенинград
_cБ. и.
_d1968
215 _a39 с.
_d21
300 _aОтпеч. множит. аппаратом
712 0 2 _aЦентральная военно-морская библиотека
_cЛенинград
_3RU\NLR\AUTH\889962853
_9422007
801 0 _aRU
_bNLR
_gpsbo
801 1 _aRU
_bELAR
_2rusmarc
852 _aNLR
_j69-4/9105
942 _cBOOK
980 _aNB